000 00412nam a22001457a 4500
003 SGT
082 _a150
_bI24W
100 _aWALIA, SATINDER KAUT
245 _aIMPACT OF POSITIVE PARENTING INTERVENTION ON THE DOMAIN OF SELF-CONCEPT AND WELL-BEING OF SCHOOL GOING CHILDREN
260 _aGURUGRAM
_bSGT UNIVERSITY
_c2024
300 _a183
650 _aCLINICAL PSYCHOLOGY
653 _aPHD
942 _2ddc
_cTH
999 _c32417
_d32417